000 00305nam a22001337a 4500
008 181024b xxu||||| |||| 00| 0 eng d
020 _a9780838536575
041 _aeng
080 _217 ED
_a6166.053
100 _a8
101 _aPED
245 _aHandbook Of Pediatrics
_cKaplan.D.W
942 _2udc
_cBK
999 _c50818
_d50818